Statistics for Team Fortress 2 - Every Update Names.

Click here to take the quiz!

General Stats

  • This quiz has been taken 63 times
  • The average score is 23 of 73

Answer Stats

Answer% Correct
Heavy Update
90%
Sniper vs. Spy Update
85%
Jungle Inferno Update
80%
Pyro Update
80%
Scout Update
80%
Engineer Update
75%
Meet Your Match Update
70%
Scream Fortress Update
70%
WAR! Update
70%
Love & War Update
60%
Gold Rush Update
55%
Gun Mettle Update
55%
Mann vs. Machine Update
55%
Tough Break Update
55%
Invasion Community Update
50%
Australian Christmas
45%
End of the Line Update
45%
Mecha Update
45%
Über Update
45%
Classless Update
40%
Hatless Update
40%
Mac Update
40%
Mann-Conomy Update
40%
119th Update
35%
Pyromania Update
35%
Scream Fortress IX
35%
Scream Fortress V
35%
Scream Fortress X
35%
Scream Fortress XI
35%
Scream Fortress XII
35%
Scream Fortress XIII
35%
Smissmas 2013
35%
Two Cities Update
35%
Haunted Hallowe'en Special
30%
Replay Update
30%
Robotic Boogaloo
30%
Scream Fortress VI
30%
Scream Fortress VII
30%
Scream Fortress VIII
30%
Smissmas 2014
30%
Smissmas 2016
30%
Smissmas 2017
30%
Smissmas 2018
30%
Smissmas 2019
30%
Smissmas 2020
30%
Smissmas 2021
30%
Australian Christmas 2011
25%
Manniversary Update & Sale
25%
Very Scary Halloween Special
25%
Mayflower Pack
10%
Rainy Day Pack
10%
Spectral Halloween Special
10%
Blue Moon Pack
5%
Community Map Pack Update
5%
Dr. Grordbort's Victory Pack Update
5%
Fall Event 2013
5%
First Community Contribution Update
5%
First Workshop Content Pack
5%
Japan Charity Bundle
5%
Limited Late Summer Pack
5%
Manno-Technology Bundle
5%
Second Community Contribution Update
5%
Second Workshop Content Pack
5%
Shogun Pack
5%
Strongbox Pack
5%
Summer 2019 Pack
5%
Summer 2020 Pack
5%
Summer 2021 Pack
5%
Summer 2022 Pack
5%
Summer Camp Sale
5%
Summer Event 2013
5%
Third Community Contribution Update
5%
Triad Pack
5%

Score Distribution

Percentile by Number Answered

Percent of People with Each Score

Your Score History

You have not taken this quiz